Central Library OPAC University of Rajshahi

পদার্থ বিদ্যা / (Record no. 68938)

MARC details
000 -LEADER
fixed length control field 00960nam a2200241 a 4500
001 - CONTROL NUMBER
control field 68938
003 - CONTROL NUMBER IDENTIFIER
rucl marc code BD-RjUL
005 - DATE AND TIME OF LATEST TRANSACTION
control field 20211209081830.0
008 - FIXED-LENGTH DATA ELEMENTS--GENERAL INFORMATION
fixed length control field 170408s1989 bg ado|g |||| 001 0 ben d
035 ## - SYSTEM CONTROL NUMBER
System control number (BD-RjUL)69149
040 ## - CATALOGING SOURCE
Original cataloging agency BD-RjUL
Language of cataloging ben
Transcribing agency BD-RjUL
041 ## - LANGUAGE CODE
Language code of text/sound track or separate title ben
082 04 - DEWEY DECIMAL CLASSIFICATION NUMBER
Edition number 23
Classification number 530
Author mark and year POD 1989
245 10 - TITLE STATEMENT
Title পদার্থ বিদ্যা /
Statement of responsibility, etc. অনুবাদক অজয় রায় ...[এবং অন্যান্য]
260 ## - PUBLICATION, DISTRIBUTION, ETC. (IMPRINT)
Place of publication, distribution, etc. ঢাকা :
Name of publisher, distributor, etc. বাংলা একাডেমী,
Date of publication, distribution, etc. ১৯৮৯
300 ## - PHYSICAL DESCRIPTION
Pagination খন্ড :
Illustrations চিত্র ;
Size ২২ সেমি.
500 ## - GENERAL NOTE
General note নির্ঘন্ট ও পরিভাষা সংযুক্ত ।
505 ## - FORMATTED CONTENTS NOTE
Formatted contents note খন্ড ২,২য় অংশ
650 ## - SUBJECT ADDED ENTRY--TOPICAL TERM
Topical term or geographic name as entry element পদার্থবিজ্ঞান
9 (RLIN) 119499
Topical term or geographic name as entry element Physics
9 (RLIN) 119613
700 1# - ADDED ENTRY--PERSONAL NAME
Personal name রায়, অজয় ... [ এবং অন্যান্য ]
942 ## - ADDED ENTRY ELEMENTS (KOHA)
Source of classification or shelving scheme Dewey Decimal Classification
Koha item type Books
Holdings
Lost status Source of classification or shelving scheme Damaged status Not for loan Collection code Permanent Location Current Location Shelving location Date acquired Source of acquisition Cost, normal purchase price Total Checkouts Full call number Date last seen Copy number Koha item type
  Dewey Decimal Classification   Not For Loan Non-fiction Central Library, University of Rajshahi Central Library, University of Rajshahi Reading Room 12/06/1990 Dhaka, Bangla Academy 120.00   B 530 POD V-2,Pt-2 1989 08/04/2017 C-1 Books